[Event "OSBEM A-Gruppe"]
[Site "Markdorf"]
[Date "2004.05.22"]
[Round "6"]
[White "Ahner, Thomas"]
[Black "Weidel, Albrecht"]
[Result "1/2-1/2"]
[WhiteElo "1967"]
[BlackElo "2160"]
[PlyCount "21"]

1. e4 c5 2. Nf3 d6 3. d3 g6 4. g3 Bg7 5. Bg2 e6 6. O-O Ne7 7. c3 Nbc6 8. Bg5
Qd7 9. Na3 Rb8 10. Qc1 h6 11. Bf4 1/2-1/2

[Event "OSBEM A-Gruppe"]
[Site "Markdorf"]
[Date "2004.05.22"]
[Round "6"]
[White "Fichtl, Xaver"]
[Black "Reimche, Vadim"]
[Result "0-1"]
[WhiteElo "1830"]
[BlackElo "2085"]
[PlyCount "102"]

1. e4 c5 2. c4 e6 3. Nc3 Nc6 4. Nf3 Nf6 5. d3 d5 6. e5 d4 7. Nb5 Nd7 8. Bg5 Qb6
9. Qa4 a6 10. O-O-O Rb8 11. Na3 g6 12. g4 Bg7 13. Bf4 O-O 14. Re1 Qb4 15. Qd1
b5 16. cxb5 axb5 17. Bd2 Qa4 18. Qxa4 bxa4 19. Nc4 Ba6 20. Bf4 Nb4 21. a3 Bb7
22. axb4 Bxf3 23. Rg1 cxb4 24. Bg2 Bxg2 25. Rxg2 Nc5 26. Kc2 Rfc8 27. Ra1 Bf8
28. h4 a3 29. b3 Nd7 30. g5 Rb5 31. Kd2 Nb6 32. Rgg1 Nd5 33. Bg3 Nc3 34. Rh1 h5
35. gxh6 Bxh6+ 36. f4 Rxc4 37. dxc4 Rxe5 38. Rhe1 Rxe1 39. Rxe1 a2 40. Ra1 Ne4+
41. Kd3 Nxg3 42. Rxa2 Bxf4 43. Kxd4 e5+ 44. Kc5 e4 45. Kxb4 e3 46. Kc3 e2 47.
Ra8+ Kg7 48. Re8 f5 49. Kd3 Kf7 50. Rxe2 Nxe2 51. Kxe2 Bg3 0-1

[Event "OSBEM A-Gruppe"]
[Site "Markdorf"]
[Date "2004.05.22"]
[Round "6"]
[White "Sokratov, Stanislav"]
[Black "Baur, Volker"]
[Result "1-0"]
[WhiteElo "1925"]
[BlackElo "1983"]
[PlyCount "67"]

1. d4 Nf6 2. c4 e5 3. dxe5 Ne4 4. Nf3 Nc6 5. a3 d6 6. exd6 Bxd6 7. e3 O-O 8.
Be2 Qf6 9. Nbd2 Bf5 10. Nxe4 Bxe4 11. O-O Rad8 12. Qa4 Qg6 13. Ne1 Ne5 14. f3
Qh5 15. c5 Bc6 16. Qc2 Ng4 17. h3 Bh2+ 18. Kh1 Bg3 19. Nd3 Ne5 20. e4 Nxd3 21.
Bxd3 Bd7 22. Kg1 Rfe8 23. Be3 Re6 24. f4 Rh6 25. f5 g5 26. Be2 Qh4 27. Bg4 Bb5
28. Rf3 Re8 29. Qd2 Bc6 30. Bxg5 Bh2+ 31. Kh1 Qxg4 32. hxg4 Bf4+ 33. Bxh6 Bxd2
34. Bxd2 1-0

[Event "OSBEM A-Gruppe"]
[Site "Markdorf"]
[Date "2004.05.22"]
[Round "6"]
[White "Zieger, Michael"]
[Black "Buehler, Juergen"]
[Result "1-0"]
[WhiteElo "1896"]
[BlackElo "1941"]
[PlyCount "49"]

1. e4 c5 2. Nf3 Nc6 3. d4 cxd4 4. Nxd4 Nf6 5. Nc3 e5 6. Ndb5 d6 7. Bg5 a6 8.
Na3 b5 9. Bxf6 gxf6 10. Nd5 Bg7 11. c3 f5 12. exf5 Bxf5 13. Nc2 O-O 14. Nce3
Be6 15. Bd3 f5 16. Qh5 e4 17. Bc2 Ne5 18. Nf4 Bd7 19. Bb3+ Kh8 20. O-O Rf6 21.
Qe2 Rh6 22. Ned5 Qg5 23. Kh1 Ng4 24. Nh3 Be5 25. Nxg5 1-0

[Event "OSBEM A-Gruppe"]
[Site "Markdorf"]
[Date "2004.05.22"]
[Round "6"]
[White "Rothmund, Achim"]
[Black "Vengring, Antal"]
[Result "1/2-1/2"]
[WhiteElo "1856"]
[BlackElo "1794"]
[PlyCount "45"]

1. e4 e6 2. d4 d5 3. Nc3 Bb4 4. e5 c5 5. a3 Bxc3+ 6. bxc3 Qc7 7. Bb5+ Bd7 8.
Bxd7+ Nxd7 9. Nf3 Ne7 10. O-O Rc8 11. Ra2 Nb6 12. Ng5 h6 13. Qh5 O-O 14. Nf3
Na4 15. Bxh6 gxh6 16. Qxh6 Nf5 17. Qg5+ Ng7 18. Qh6 Nf5 19. Qg5+ Ng7 20. Qh6 f6
21. exf6 Ne8 22. Qg6+ Kh8 23. Qh6+ 1/2-1/2

[Event "OSBEM A-Gruppe"]
[Site "Markdorf"]
[Date "2004.05.22"]
[Round "6"]
[White "Bantle, Manfred"]
[Black "Kraemer, Markus"]
[Result "1/2-1/2"]
[WhiteElo "1910"]
[BlackElo "1897"]
[PlyCount "41"]

1. d4 Nf6 2. c4 e5 3. dxe5 Ng4 4. Nf3 Nc6 5. a3 Bc5 6. e3 a5 7. Be2 Ngxe5 8.
O-O d6 9. Nc3 O-O 10. Ne4 Bb6 11. b3 Be6 12. Nc3 Re8 13. Nd5 Bc5 14. h3 Nxf3+
15. Bxf3 Ne5 16. Bb2 c6 17. Nf4 Qg5 18. Bd4 Nxf3+ 19. Qxf3 a4 20. Nxe6 Rxe6 21.
b4 1/2-1/2

[Event "OSBEM A-Gruppe"]
[Site "Markdorf"]
[Date "2004.05.22"]
[Round "6"]
[White "Baur, Frank"]
[Black "Merk, Tobias"]
[Result "0-1"]
[WhiteElo "1993"]
[BlackElo "2055"]
[PlyCount "130"]

1. d4 d5 2. Nf3 Nf6 3. Bg5 e6 4. e3 Be7 5. Bd3 Ne4 6. Bxe7 Qxe7 7. Nbd2 Nxd2 8.
Nxd2 e5 9. dxe5 Qxe5 10. O-O O-O 11. c4 Be6 12. Qc2 h6 13. cxd5 Bxd5 14. Rae1
Nc6 15. f4 Qd6 16. a3 Rad8 17. Nc4 Qd7 18. Bf5 Be6 19. Bxe6 Qxe6 20. Re2 b5 21.
Nd2 Nd4 22. Qd1 Nxe2+ 23. Qxe2 Rfe8 24. Kf2 Qd5 25. Nf3 Qb3 26. Rc1 Re7 27. Rc3
Qd1 28. Qxd1 Rxd1 29. Ke2 Rb1 30. Rc2 c5 31. Nd2 Rh1 32. Rxc5 Rxh2 33. Kf2 a6
34. Nf1 Rh1 35. g3 Rxf1+ 36. Kxf1 Rxe3 37. Kf2 Rb3 38. Rc2 f5 39. Kg2 Kf7 40.
Rc7+ Kg6 41. Rc6+ Kh5 42. Rxa6 Rxb2+ 43. Kh3 g5 44. fxg5 hxg5 45. g4+ fxg4+ 46.
Kg3 Rb3+ 47. Kg2 g3 48. a4 b4 49. Ra8 Kg4 50. a5 Rb2+ 51. Kg1 g2 52. Kh2 Ra2
53. Rb8 g1=Q+ 54. Kxg1 Kg3 55. Kf1 Ra1+ 56. Ke2 Rxa5 57. Rxb4 Rf5 58. Rb8 g4
59. Rg8 Kh3 60. Rh8+ Kg2 61. Re8 g3 62. Ke1 Kg1 63. Ke2 g2 64. Ke1 Rh5 65. Re7
Kh1 0-1

[Event "OSBEM A-Gruppe"]
[Site "Markdorf"]
[Date "2004.05.23"]
[Round "7"]
[White "Weidel, Albrecht"]
[Black "Baur, Frank"]
[Result "1-0"]
[WhiteElo "2160"]
[BlackElo "1993"]
[PlyCount "79"]

1. d4 Nf6 2. c4 c5 3. d5 b5 4. cxb5 a6 5. e3 axb5 6. Bxb5 Ba6 7. Nc3 Bxb5 8.
Nxb5 Qb6 9. a4 d6 10. Nf3 g6 11. O-O Bg7 12. Re1 O-O 13. e4 Rd8 14. Bg5 Nbd7
15. Qd2 Qb7 16. Qc2 Nb6 17. b3 Rdc8 18. h3 h6 19. Bf4 Nh5 20. Bd2 Bxa1 21. Rxa1
c4 22. Nbd4 cxb3 23. Qxb3 Qa6 24. Nc6 Rc7 25. a5 Nf6 26. Rc1 Nc8 27. Re1 Kg7
28. Qe3 Ng8 29. Qd4+ f6 30. Qe3 e5 31. Nh4 Kh7 32. Qg3 Nce7 33. Bb4 Rd7 34. Qg4
Qb7 35. Rc1 h5 36. Qe6 Kg7 37. Bxd6 Ra6 38. Kh2 Kh6 39. Bxe7 Nxe7 40. Qxf6 1-0

[Event "OSBEM A-Gruppe"]
[Site "Markdorf"]
[Date "2004.05.23"]
[Round "7"]
[White "Knoedler, Dieter"]
[Black "Ahner, Thomas"]
[Result "1-0"]
[WhiteElo "2290"]
[BlackElo "1967"]
[PlyCount "83"]

1. c4 Nf6 2. g3 g6 3. Bg2 Bg7 4. Nc3 c6 5. e4 d6 6. Nge2 e5 7. O-O O-O 8. d3
Nh5 9. Be3 f5 10. exf5 Bxf5 11. h3 Be6 12. Qd2 Na6 13. Rae1 Nc7 14. g4 Nf6 15.
f4 Qd7 16. Ng3 exf4 17. Bxf4 Kh8 18. Bh6 Rae8 19. Nce4 Nxe4 20. Nxe4 Rxf1+ 21.
Rxf1 Bd4+ 22. Kh1 Re7 23. Bf8 Rf7 24. Bxd6 Rxf1+ 25. Bxf1 Ne8 26. Bg3 Qg7 27.
b3 Qf8 28. Bg2 h6 29. Qa5 Qg7 30. Qd8 Qd7 31. Qb8 Bf7 32. Nd6 Qe6 33. Be4 Kh7
34. Nxe8 Bxe8 35. Qxb7+ Kg8 36. b4 Qf6 37. Kg2 a5 38. Qa8 Kf8 39. Qxa5 c5 40.
bxc5 h5 41. Qc7 h4 42. Qd6+ 1-0

[Event "OSBEM A-Gruppe"]
[Site "Markdorf"]
[Date "2004.05.23"]
[Round "7"]
[White "Baur, Volker"]
[Black "Kraemer, Markus"]
[Result "1/2-1/2"]
[WhiteElo "1893"]
[BlackElo "1897"]
[PlyCount "85"]

1. d4 Nc6 2. Nf3 d5 3. c4 Bg4 4. e3 e5 5. cxd5 Qxd5 6. Nc3 Bb4 7. Be2 exd4 8.
O-O Bxc3 9. bxc3 d3 10. e4 Qd7 11. Qxd3 Qxd3 12. Bxd3 O-O-O 13. Bb5 Nge7 14.
Ng5 Bh5 15. f4 h6 16. Nf3 a6 17. Bc4 Na5 18. Be2 Rd7 19. h3 f5 20. g4 fxg4 21.
Ne5 Rdd8 22. hxg4 Be8 23. Be3 Nac6 24. Nd3 b6 25. a4 a5 26. Rfd1 Bf7 27. Nf2
Rxd1+ 28. Rxd1 Rd8 29. Rxd8+ Kxd8 30. Kf1 Bb3 31. Bd1 Bxd1 32. Nxd1 Ng8 33. Bd4
Nf6 34. Bxf6+ gxf6 35. Ne3 Ne7 36. Ke2 Kd7 37. Kd3 Kd6 38. Kd4 Nc6+ 39. Kc4 Ne7
40. Kd4 Nc6+ 41. Kd3 Ne7 42. Kc4 c6 43. Kd4 1/2-1/2

[Event "OSBEM A-Gruppe"]
[Site "Markdorf"]
[Date "2004.05.23"]
[Round "7"]
[White "Schneider, Bruno"]
[Black "Sokratov, Stanislav"]
[Result "1-0"]
[WhiteElo "1981"]
[BlackElo "1925"]
[PlyCount "83"]

1. e4 c5 2. c3 Nf6 3. e5 Nd5 4. d4 cxd4 5. Qxd4 e6 6. Nf3 Be7 7. Qg4 Rg8 8. Bd3
f5 9. Qh5+ Kf8 10. Qxh7 Nc6 11. Bc4 Nb6 12. Bb5 Qe8 13. Bxc6 bxc6 14. b3 Bb7
15. Ng5 c5 16. Rg1 c4 17. Qh4 Qg6 18. Ba3 Nc8 19. Bxe7+ Nxe7 20. Na3 Qh6 21.
Nh7+ Kf7 22. Qxh6 gxh6 23. Nxc4 Rxg2 24. Nd6+ Kg7 25. Rxg2+ Bxg2 26. Nf6 Bc6
27. O-O-O Kf8 28. Rg1 Nd5 29. Rg8+ Ke7 30. Rxa8 Bxa8 31. Nxd5+ Bxd5 32. Nc8+
Kf7 33. Nxa7 Kg6 34. c4 Ba8 35. Nc8 Kg5 36. Nb6 Bc6 37. b4 Kf4 38. b5 Bb7 39.
Nxd7 Kf3 40. c5 Kxf2 41. c6 Bc8 42. b6 1-0

[Event "OSBEM A-Gruppe"]
[Site "Markdorf"]
[Date "2004.05.23"]
[Round "7"]
[White "Lnaegl, Juergen"]
[Black "Kreuzahler, Marc"]
[Result "1-0"]
[WhiteElo "2158"]
[BlackElo "2042"]
[PlyCount "83"]

1. d4 Nc6 2. Bg5 d5 3. e3 f6 4. Bh4 Nh6 5. c4 e5 6. dxe5 Nxe5 7. Qxd5 Qxd5 8.
cxd5 Bf5 9. Nf3 Nd3+ 10. Bxd3 Bxd3 11. Nc3 Bb4 12. O-O-O Bg6 13. a3 Ba5 14. b4
Bb6 15. e4 O-O 16. Rhe1 a5 17. b5 c6 18. Kb2 Ng4 19. Rd2 Ne5 20. Nxe5 fxe5 21.
f3 Bd4 22. d6 cxb5 23. Rxd4 exd4 24. Nxb5 d3 25. Rd1 Be8 26. Nc7 Ba4 27. Rxd3
Bd7 28. Be7 Rfb8 29. f4 g6 30. g4 Kf7 31. f5 gxf5 32. gxf5 Rg8 33. Rh3 Rg2+ 34.
Kc3 Rh8 35. Kd4 Rc2 36. Nd5 h5 37. Nf4 b5 38. Ng6 Rh7 39. Ne5+ Ke8 40. Rg3 Rh8
41. Nxd7 Kxd7 42. e5 1-0

[Event "OSBEM A-Gruppe"]
[Site "Markdorf"]
[Date "2004.05.23"]
[Round "7"]
[White "Henssler, Joachim"]
[Black "Zieger, Michael"]
[Result "1/2-1/2"]
[WhiteElo "2059"]
[BlackElo "1896"]
[PlyCount "81"]

1. e4 d5 2. exd5 Qxd5 3. Nc3 Qa5 4. d4 c6 5. Nf3 Nf6 6. Bc4 Bf5 7. Ne5 e6 8. g4
Bg6 9. h4 Be4 10. Rh3 Bb4 11. Bd2 Bd5 12. Bd3 c5 13. Nxd5 Bxd2+ 14. Qxd2 Qxd2+
15. Kxd2 Nxd5 16. Bb5+ Ke7 17. dxc5 Nf4 18. Rf3 Rd8+ 19. Bd3 Nxd3 20. Rxf7+ Ke8
21. cxd3 Rd5 22. Rxg7 Rxe5 23. f4 Rxc5 24. Re1 Rc6 25. f5 Kf8 26. Rxh7 Kg8 27.
Rxb7 Na6 28. Rxe6 Rxe6 29. fxe6 Nc5 30. Rc7 Nxe6 31. Re7 Nf4 32. g5 Rd8 33.
Rxa7 Rxd3+ 34. Kc2 Rh3 35. b4 Nd5 36. b5 Rxh4 37. Rd7 Rd4 38. Kb3 Rb4+ 39. Ka3
Rxb5 40. g6 Nb6 41. Rc7 1/2-1/2

[Event "OSBEM A-Gruppe"]
[Site "Markdorf"]
[Date "2004.05.23"]
[Round "7"]
[White "Wohlfahrt, Rainer"]
[Black "Muetz, Gunnar"]
[Result "1-0"]
[WhiteElo "2065"]
[BlackElo "2092"]
[PlyCount "67"]

1. d4 d5 2. c4 c6 3. Nf3 Nf6 4. Nc3 dxc4 5. e4 b5 6. e5 Nd5 7. a4 b4 8. Ne4 Bf5
9. Ng3 Bg4 10. Bxc4 e6 11. Be3 Qa5 12. O-O Be7 13. h3 Bxf3 14. Qxf3 O-O 15. Nh5
Rc8 16. Qg4 g6 17. Bxd5 cxd5 18. Nf6+ Bxf6 19. exf6 Nd7 20. Qh4 Qd8 21. Bg5 b3
22. Rfe1 Qf8 23. Ra3 Rab8 24. Re3 Rc1+ 25. Kh2 Rc4 26. Rexb3 e5 27. Rxb8 Qxb8
28. Rb3 Qd6 29. Qh6 exd4+ 30. f4 Qf8 31. Rb7 Nb6 32. a5 Qxh6 33. Bxh6 Nc8 34.
Rd7 1-0

[Event "OSBEM A-Gruppe"]
[Site "Markdorf"]
[Date "2004.05.23"]
[Round "7"]
[White "Reimche, Vadim"]
[Black "Schroeder, Johannes"]
[Result "1/2-1/2"]
[WhiteElo "2085"]
[BlackElo "2228"]
[PlyCount "75"]

1. d4 Nf6 2. c4 g6 3. Nc3 Bg7 4. e4 d6 5. Be2 O-O 6. Nf3 e5 7. O-O Nc6 8. d5
Ne7 9. Ne1 Nd7 10. f3 f5 11. g4 Nf6 12. Nd3 c5 13. Bd2 f4 14. a3 g5 15. b4 b6
16. b5 h5 17. Nf2 hxg4 18. Nxg4 Nxg4 19. fxg4 Ng6 20. Bf3 Bf6 21. Be1 Kf7 22.
Bg2 Rh8 23. h3 Qd7 24. a4 Bd8 25. Qf3 Kg7 26. Bf2 Bc7 27. Nb1 Qe7 28. Nd2 Bd7
29. Nb3 a5 30. Rfe1 Rh6 31. Kf1 Rah8 32. Ke2 Qf6 33. Kd2 Ne7 34. Rh1 Qg6 35.
Kd3 Ng8 36. Nd2 Nf6 37. Kc3 Bd8 38. Rag1 1/2-1/2

[Event "OSBEM A-Gruppe"]
[Site "Markdorf"]
[Date "2004.05.23"]
[Round "7"]
[White "Vengring, Antal"]
[Black "Herz, Thomas"]
[Result "0-1"]
[WhiteElo "1794"]
[BlackElo "2043"]
[PlyCount "70"]

1. e4 c5 2. Nf3 d6 3. Be2 Nc6 4. O-O g6 5. Nc3 Bg7 6. h3 e6 7. d3 Nge7 8. Re1
O-O 9. Nh2 Nd4 10. Be3 Nec6 11. a3 Bd7 12. Qd2 b5 13. Nd1 a5 14. Nf3 f5 15.
Nxd4 Nxd4 16. Bxd4 Bxd4 17. c3 Bg7 18. exf5 gxf5 19. Bf3 Ra7 20. Qe3 Qf6 21.
Qf4 e5 22. Bd5+ Kh8 23. Qf3 Bh6 24. Ne3 Be8 25. Qe2 Qh4 26. Be6 Bh5 27. Qf1
Bxe3 28. Rxe3 Rg7 29. Rc1 f4 30. Ree1 Bf3 31. Bg4 Bxg4 32. hxg4 Rxg4 33. f3 Rg3
34. Rc2 Rfg8 35. Rf2 Rh3 0-1

[Event "OSBEM A-Gruppe"]
[Site "Markdorf"]
[Date "2004.05.23"]
[Round "7"]
[White "Buehler, Juergen"]
[Black "Bantle, Manfred"]
[Result "1/2-1/2"]
[WhiteElo "1941"]
[BlackElo "1910"]
[PlyCount "38"]

1. c4 Nf6 2. Nf3 e6 3. b3 d5 4. Bb2 Be7 5. e3 O-O 6. Be2 Nbd7 7. O-O b6 8. cxd5
Nxd5 9. d4 Bb7 10. Na3 c5 11. Nc4 cxd4 12. Nxd4 a6 13. a4 Bc5 14. Bf3 Qe7 15.
e4 Nf4 16. Qd2 Ng6 17. Qc3 Nf6 18. e5 Nd5 19. Bxd5 Bxd5 1/2-1/2

[Event "OSBEM A-Gruppe"]
[Site "Markdorf"]
[Date "2004.05.23"]
[Round "7"]
[White "Merk, Tobias"]
[Black "Namyslo, Holger"]
[Result "0-1"]
[WhiteElo "2055"]
[BlackElo "2204"]
[PlyCount "54"]

1. e4 e6 2. d4 d5 3. Nc3 Bb4 4. a3 Bxc3+ 5. bxc3 dxe4 6. Qg4 Nf6 7. Qxg7 Rg8 8.
Qh6 Nbd7 9. Ne2 b6 10. Bb2 Bb7 11. O-O-O Ng4 12. Qf4 Qg5 13. Rd2 Nxf2 14. Qxc7
e3 15. Rd1 Qd5 16. c4 Qc6 17. Qxc6 Bxc6 18. d5 exd5 19. cxd5 Bb7 20. Bd4 Nxd1
21. Kxd1 Bxd5 22. Bxe3 O-O-O 23. Nf4 Bb7 24. Kc1 Ne5 25. Rg1 Ng4 26. Bd2 Nxh2
27. Bd3 Nf3 0-1

[Event "OSBEM A-Gruppe"]
[Site "Markdorf"]
[Date "2004.05.23"]
[Round "7"]
[White "Rothmund, Achim"]
[Black "Fichtl, Xaver"]
[Result "1-0"]
[WhiteElo "1856"]
[BlackElo "1830"]
[PlyCount "51"]

1. e4 e6 2. d4 d5 3. Nc3 dxe4 4. Nxe4 f5 5. Ng3 Bd6 6. Bd3 Nf6 7. Bg5 h6 8. Bd2
Bxg3 9. hxg3 Qxd4 10. Bc3 Qd8 11. Qe2 Nc6 12. Bxf5 Kf7 13. Bd3 Qe7 14. Nf3 Bd7
15. O-O-O Nd5 16. Bd2 Ncb4 17. Ne5+ Kg8 18. Bxb4 Nxb4 19. Nxd7 Nxa2+ 20. Kb1
Nb4 21. Bc4 Re8 22. Rhe1 Kh7 23. Qe4+ g6 24. Ne5 Qf6 25. Rd7+ Kg8 26. Ng4 1-0